| 000 | 00369nam a2200145 a 4500 | ||
|---|---|---|---|
| 001 | 4189 | ||
| 003 | CDMR | ||
| 005 | 20130116135253.0 | ||
| 008 | 130130s1994||||||||||||||||||||||||||||d | ||
| 040 |
_aCDMR _bcat _cCDMR |
||
| 245 | 0 | _aCatálogo de la Asociación de la Prensa Profesional 1994 | |
| 260 |
_c1994 _bUnited Publicaciones |
||
| 300 |
_a162 p ; _c30 cm |
||
| 942 | _cMON | ||
| 999 |
_c4189 _d4189 |
||